000 00666nam a2200205 i 4500
001 147933
003 ES-MaACL
005 20260612132718.0
007 t|
008 071009s1960 sp ||||1| spa d
080 _a92(Keyserling, Hermann von)
100 1 _aUscatescu, Jorge,
_d1919-1995
_9112293
245 1 0 _aKeyserling /
_cJorge Uscatescu.
260 _aMadrid :
_b[s.n.,
_c1960]
300 _ap. 199 a 212 ;
_c24 cm.
500 _aPublicado en la Revista de Filosofía ( t. XIX, nº 73-74) del Instituto Luis Vives.
600 1 4 _aKeyserling, Hermann, Graf von,
_d1880-1946
_967982
852 _aES-MaACL
_j2028-F-27
_bR.48780
999 _c147933
_d147933